| 000 | 00392nam a2200157Ia 4500 | ||
|---|---|---|---|
| 003 | GCL | ||
| 008 | 140319s9999 xx 000 0 eng d | ||
| 040 |
_aGCL / _cGCL |
||
| 082 | 0 | 4 |
_a616.4 _bH E |
| 100 | 1 | _aHADLEY, MACE | |
| 245 | 1 | 0 |
_aENDOCRIONLOGY / _cHADLEY, MACE |
| 260 |
_a[S.N] : _bPRENICS-HALL INTERNOTIONAL ، _c1996 |
||
| 300 | _a518 | ||
| 650 | 0 | 4 | _aENDOCRINOLOGY |
| 942 |
_2ddc _cBK |
||
| 999 |
_c10848 _d10848 |
||